Soldados de Salamina
Wedi'i Gadw mewn:
| Prif Awdur: | |
|---|---|
| Fformat: | Llyfr |
| Iaith: | Sbaeneg |
| Cyhoeddwyd: |
Barcelona
TusQuets
2001
|
| Rhifyn: | 12a. ed |
| Cyfres: | Colección Andanzas, 433
|
| Pynciau: | |
| Tagiau: |
Ychwanegu Tag
Dim Tagiau, Byddwch y cyntaf i dagio'r cofnod hwn!
|
MARC
| LEADER | 00000nam a2200000 a 4500 | ||
|---|---|---|---|
| 001 | UCL0967 | ||
| 003 | CL-VaPUC | ||
| 008 | 030825e20010000SP |||||||||||||||||spa|d | ||
| 020 | |a 8483101610 | ||
| 082 | 0 | 4 | |a 863 |b CER |2 21 |
| 100 | 0 | |a Cercas, Javier |e author |9 477750 | |
| 245 | 1 | 0 | |a Soldados de Salamina |
| 250 | |a 12a. ed | ||
| 300 | |a 209 p | ||
| 942 | |c BK | ||
| 945 | |d 20030825 00:00:00 |a cmena | ||
| 260 | |a Barcelona |b TusQuets |c 2001 | ||
| 650 | 0 | |a Novelas españolas |9 265052 | |
| 650 | 0 | |a Literatura española |9 306261 | |
| 583 | |a last modification |c 20030825 00:00:00 |k Rodrigo Vera | ||
| 490 | 0 | |a Colección Andanzas, 433 | |
| 999 | |c 304685 |d 304683 | ||
| 952 | |0 0 |1 0 |4 0 |6 863_000000000000000_CER_2001 |7 0 |8 A |9 367336 |a BIBEDU |b BIBEDU |d 2019-11-21 |i 3934772 |o 863 CER 2001 |p 3934772 |r 2019-11-21 |w 2019-11-21 |y BK |k LIT | ||